LEADER 01405nam a2200313 u 4500 001 000000064264 003 CaOOAMICUS 005 20070226121334.0 008 011116s1987 it u000 u ita u 020 $a8814013195 035 $a10910066 040 $aPUL(R)$bita 100 1 $aSordi, Bernardo.$0(OLS)http://pul/name/36622 245 10$aTra Weimar e Vienna :$bamministrazione pubblica e teoria giuridica nel primo dopoguerra /$cBernardo Sordi. 260 $aMilano :$bA. Giuffrè,$c1987. 300 $a378 p. ;$c23 cm 490 1 $aPer la storia del pensiero giuridico moderno ;$v25 500 $a"Indice dei nomi": p. [369]-375. 504 $aNote bibliografiche. 650 4$aDiritto amministrativo.$0(OLS)http://pul/subject/17627 650 4$aDiritto amministrativo$zGermania.$0(OLS)http://pul/subject/23906 830 0$aPer la storia del pensiero giuridico moderno ;$v25.$0(OLS)http://pul/title/10657 850 $aPUL 852 $aPUL$W1$xDP2 Diritto e Scienze Sociali 1$y65$m166 H 25$j83333$nBK-PRI$qStampati$B83333$CPULBib$Z2$F83333 $H59645 $82 941 1 $a8 961 $aINV: 59645 996 $6020$a8814013195$9(OLS)http://pul/number/83412 996 $6245$aTra Weimar e Vienna :$bamministrazione pubblica e teoria giuridica nel primo dopoguerra$9(OLS)http://pul/title/85655 996 $6260$aMilano :$bA. Giuffrè$9(OLS)http://pul/publisher/48096 LEADER 01617nam a2200325 u 4500 001 000000079765 003 CaOOAMICUS 005 20070226123556.0 008 040614s2003 gw u000 u ger u 020 $a3110176335 035 $a10998934 040 $aPUL$bita 100 1 $aAlbertz, Rainer.$0(OLS)http://pul/name/40055 245 10$aGeschichte und Theologie :$bStudien zur Exegese des Alten Testaments und zur Religionsgeschichte Israels /$cRainer Albertz ; unter Mitarbeit von Gabi Kern ; hrsg. von Ingo Kottsieper und Jakob Wöhrle. 260 $aBerlin-New york :$bDe Gruyter,$c2003. 300 $aVIII, 396 p. ;$c23 cm 490 1 $aBeihefte zur Zeitschrift für die alttestamentliche Wissenschaft ;$v326 500 $aContiene indici. 504 $aBibliografia in appendice. 630 04$aBiblia.$pV.T.$0(OLS)http://pul/subject/1661 700 1 $aWöhrle, Jakob.$0(OLS)http://pul/name/53141 700 1 $aKottsieper, Ingo.$0(OLS)http://pul/name/53140 700 1 $aKern, Gabi.$0(OLS)http://pul/name/53139 830 0$aBeihefte zur Zeitschrift für die alttestamentliche Wissenschaft ;$v326.$0(OLS)http://pul/title/1954 850 $aPUL 852 $aPUL$W1$xSL Religione 3$y85$m221. 6 ALBRA 1$j102002$nBK-PRI$qDDC 21$B102002$CPULBib$Z2$F102002 $H93975 $82 941 1 $a9 996 $6020$a3110176335$9(OLS)http://pul/number/105074 996 $6245$aGeschichte und Theologie :$bStudien zur Exegese des Alten Testaments und zur Religionsgeschichte Israels$9(OLS)http://pul/title/104477 996 $6260$aBerlin-New york :$bDe Gruyter$9(OLS)http://pul/publisher/75705